书目信息 |
| 题名: |
外国现代剧作家论剧作
|
|
| 作者: | ;中国社科院外国文学研究所外国文学研究资料丛刊编委会 编 | |
| 分册: | ||
| 出版信息: | 北京 中国社会科学出版社 1982.03 |
|
| 页数: | 310页 | |
| 开本: | 21cm | |
| 丛书名: | 外国文学研究资料丛刊 | |
| 单 册: | ||
| 中图分类: | I106.3 | |
| 科图分类: | ||
| 主题词: | 文学--世界 | |
| 电子资源: | ||
| ISBN: | ||
| 000 | 00806nam0 2200217 45 | |
| 001 | 0404261086 | |
| 005 | 20060912110540.59 | |
| 010 | @dCNY1.20 | |
| 091 | @a10190.078 | |
| 100 | @a20040426d1982 km y0chiy0120 ea | |
| 101 | 0 | @achi |
| 200 | 1 | @a外国现代剧作家论剧作@AWai Guo Xian Dai Ju Zuo Jia Lun Ju Zuo@f中国社科院外国文学研究所外国文学研究资料丛刊编委会编@FZhong Guo She Ke Yuan Wai Guo Wen Xue Yan Jiu Suo Wai Guo Wen Xue Yan Jiu Zi Liao Cong Kan Bian Wei Hui Bian |
| 210 | @a北京@c中国社会科学出版社@d1982.03 | |
| 215 | @a310页@d21cm | |
| 225 | @a外国文学研究资料丛刊 | |
| 410 | @12001 @a外国文学研究资料丛刊 | |
| 606 | 0 | @a文学@x世界 |
| 690 | @aI106.3@v3 | |
| 711 | 02 | @a中国社科院外国文学研究所外国文学研究资料丛刊编委会@4编 |
| 801 | @aCN@bPftUser@c20060912 | |
| 905 | @f2@b211785-786@dI106.3@e52 | |
| 外国现代剧作家论剧作/中国社科院外国文学研究所外国文学研究资料丛刊编委会编.-北京:中国社会科学出版社,1982.03 |
| 310页;21cm.-(外国文学研究资料丛刊) |
| ISBN :CNY1.20 |
| ● |
| 相关链接 |
|
|
|
|
正题名:外国现代剧作家论剧作
索取号:I106.3/52
 
预约/预借
| 序号 | 登录号 | 条形码 | 馆藏地/架位号 | 状态 | 备注 |
| 1 | 0211785 | 000218632 | 第二借阅区/ [索取号:I106.3/52] | 在馆 | |
| 2 | 0211786 | 000218614 | 第二借阅区/ [索取号:I106.3/52] | 在馆 | |
| 3 | 0211787 | 000218623 | 第一样本阅览室/ [索取号:I106.3/52] | 在馆 | |
| 4 | 0470000 | 204700001 | 密集书库/ [索取号:I106.3/52] | 在馆 | |
| 5 | 0474933 | 204749335 | 密集书库/ [索取号:I106.3/52] | 在馆 |